Sistema de producción y cambios en la fertilidad del suelo en la reserva integral "La Macarena" (Registro nro. 15800)

Detalles MARC
000 -CABECERA
Campo de control 004270000a22001210004500
090 ## - CLASIFICACIÓN LOCAL
Colección AS
Consecutivo Seriadas
041 0# - IDIOMA
Código de idioma para texto/pista de sonido o título separado
100 1# - ASIENTO PRINCIPAL--NOMBRE PERSONAL
Nombre personal Amat García, Germán
245 10 - MENCION DE TITULO
Título Sistema de producción y cambios en la fertilidad del suelo en la reserva integral "La Macarena"
700 1# - ASIENTO SECUNDARIO - NOMBRE PERSONAL
Nombre personal Vargas Ríos, Orlando
773 1# - Item fuente:
Título Revista de la Facultad de Ciencias Universidad Javeriana
Descripción física 2
Paginas del Articulo 11-28
Lugar, editorial y fecha de publicación 1988
Información sobre la relación 1
942 ## - ELEMENTOS ADICIONALES (KOHA)
Tipo de ítem Artículo

No hay ítems disponibles.